| 000 | 00457cam a2200145 4500500 | ||
|---|---|---|---|
| 005 | 20251012011743.0 | ||
| 041 | _afre | ||
| 042 | _adc | ||
| 100 | 1 | 0 |
_aReuveny, Yael _eauthor |
| 245 | 0 | 0 | _aKibboutz. L’utopie perdue ? |
| 260 | _c2018. | ||
| 500 | _a21 | ||
| 786 | 0 | _nPhilosophie magazine | 118 | 4 | 2018-04-01 | p. 13-17 | 1951-1787 | |
| 856 | 4 | 1 | _uhttps://shs.cairn.info/magazine-philosophie-magazine-2018-4-page-13?lang=fr&redirect-ssocas=7080 |
| 999 |
_c1524244 _d1524244 |
||